Bulletin (Record no. 119032)
[ view plain ]
| 000 -LEADER | |
|---|---|
| fixed length control field | 00542cas a22001935a 4500 |
| 001 - CONTROL NUMBER | |
| control field | L138771 |
| 008 - FIXED-LENGTH DATA ELEMENTS--GENERAL INFORMATION | |
| fixed length control field | 070710c nz qr p 0 a0eng u |
| 022 1# - INTERNATIONAL STANDARD SERIAL NUMBER | |
| International Standard Serial Number | 0114-0221 |
| 035 ## - SYSTEM CONTROL NUMBER | |
| System control number | (Sirsi) u138771 |
| 041 0# - LANGUAGE CODE | |
| Language code of text/sound track or separate title | eng |
| 110 2# - MAIN ENTRY--CORPORATE NAME | |
| Corporate name or jurisdiction name as entry element | New Zealand Institute of Quantity Surveyors |
| 9 (RLIN) | 545 |
| 245 00 - TITLE STATEMENT | |
| Title | Bulletin |
| 260 ## - PUBLICATION, DISTRIBUTION, ETC. | |
| Place of publication, distribution, etc. | Wellington |
| Name of publisher, distributor, etc. | New Zealand Institute of Quantity Surveyors |
| Date of publication, distribution, etc. | [198-?]- |
| 362 0# - DATES OF PUBLICATION AND/OR SEQUENTIAL DESIGNATION | |
| Dates of publication and/or sequential designation | (31) May 1988-(77) December 1999 |
| 554 ## - | |
| -- | Four per year |
| 651 #4 - SUBJECT ADDED ENTRY--GEOGRAPHIC NAME | |
| Geographic name | New Zealand |
| 690 ## - LOCAL SUBJECT ADDED ENTRY--TOPICAL TERM (OCLC, RLIN) | |
| Topical term or geographic name as entry element | Quantity surveying |
| 9 (RLIN) | 6263 |
| 942 ## - ADDED ENTRY ELEMENTS (KOHA) | |
| Suppress in OPAC | 0 |
| Withdrawn status | Lost status | Source of classification or shelving scheme | Damaged status | Not for loan | Home library | Current library | Shelving location | Date acquired | Total Checkouts | Full call number | Barcode | Date last seen | Price effective from | Koha item type |
|---|---|---|---|---|---|---|---|---|---|---|---|---|---|---|
| Dewey Decimal Classification | London | London | Basement | 10/07/2007 | BULLETIN | 138771-1001 | 06/08/2019 | 06/08/2019 | Journal |